00333nam a2200145Ia 45000030006000000080041000060400015000471000027000622450017000892500006001062600038001123000006001505460014001560050017001700STCL150530s9999 xx 000 0 und d aSTCLcSTCL aSatheesh Kacherikadavu aKanneermazha a1 bC.I.C.C. Book House; Cochinc2005 a0 aMalayalam20220125171603.0